000 00764nam a2200193 a 4500
003 0
005 20250321071832.0
008 080925s19uu xx 00 eng d
050 _aPHS QR 82.L3
_b.N51 2008
100 _aNieveras, Robin John.
245 _aThe Anti-bacterial property of lanzones (Lansium domesticum) extract stored at varying temperatures /
_cRobin John Nieveras.
260 _aLas PiƱas City, Philippines :
_bSouthville International School and Colleges,
_c2008.
300 _a26 pages :
_billustrations ;
_c29 cm.
504 _aIncludes bibliographical references.
650 _aLansium domesticum
_xTherapeutic use.
650 _aPlant extracts
_xAntibacterial properties.
650 _aBacteria
_xEffect of temperature on.
942 _2lcc
_cPASS
999 _c98138
_d98138